| 000 | 00431cam a2200169ua 4500 | ||
|---|---|---|---|
| 020 | _c1.25 | ||
| 041 |
_amal _h |
||
| 082 |
_a894.812308 _bGOP/VA |
||
| 100 | _aGopalakrishnan, Kolazhi . | ||
| 245 |
_aValakettunna Aattukali / _cKolazhi Gopalakrishnan. _hTextual Documents |
||
| 260 |
_aKunnamkulam : _bC M Book Stall , _c1961. |
||
| 300 | _a125 ; . | ||
| 365 | _a1.25 | ||
| 504 | _a | ||
| 942 | _cBK | ||
| 999 |
_c5253 _d5253 |
||